| 000 | 00401nam a22001577a 4500 | ||
|---|---|---|---|
| 020 | _a0631175601 | ||
| 082 | _a330.1HUT | ||
| 100 | _aHutchison, T.W. | ||
| 245 | _aKnowledge and ignorance in economics | ||
| 260 |
_aBritain _bBasil Blackwell _c1977 |
||
| 300 |
_a186p _b25cm |
||
| 500 | _aIncludes Index | ||
| 650 | _aKnowledge and ignorance in economics | ||
| 700 | _aHutchison, T.W. | ||
| 942 | _cBK | ||
| 999 |
_c13965 _d13965 |
||